Logos de marques par couleur - Jaune - Statistiques

Statistiques générales
  • Ce quiz a été pris 31 963 fois
    29 433 depuis la dernière actualisation
  • Le résultat moyen est 13 sur 16
Statistiques - réponses
Par images Réponse % Correct
Pokémon
99%
Snapchat
98%
Ferrari
97%
La Poste
97%
Lipton
96%
Chupa Chups
93%
McDonald's
93%
Pathé
91%
DHL
72%
Nikon
72%
Toy Story
71%
Midas
70%
National Geographic
67%
UHU
64%
RhinoShield
42%
Ryanair
32%
Aucun quiz correspondant
Distribution des résultats
% des personnes avec chaque résultat
Percentile par nombre de réponses
Votre historique - résultats
Vous n’avez pas pris ce quiz depuis la dernière actualisation